00641nam a2200157 a 450000100100000000500170001000800410002704000250006808200210009324501550011426000600026930000170032950000360034650000490038260000520043100002651720240409073641.0110322t1938 dr 011 0dspa d aDO-SdBNPbspacBNPHU a923.17293bT866p00aPensamientos a Trujillo :bcontenidos en el album dedicado al generalísimo Dr. Rafael L. Trujillo, Benefactor de la Patria, el 16 de agosto de 1938. aSantiago, República Dominicana :bl El Diario,c1938. av. ;c24 cm. aLa biblioteca posee el v.1 y 2. aIncluye índice de personas por provincias.10aTrujillo Molina, Rafael Leónidas,d 1891-1961